Catálogo público

Estudio de factiblidad técnico-económico para la instalación de una empacadora de limón persa en el municipio de Martínez de la Torre, Veracruz / (Record no. 209646)

MARC details
000 -CABECERA
campo de control de longitud fija 03634nam a2200457Ia 4500
001 - NÚMERO DE CONTROL
campo de control dia_6115
003 - IDENTIFICADOR DEL NÚMERO DE CONTROL
campo de control CHAP
005 - FECHA Y HORA DE LA ÚLTIMA TRANSACCIÓN
campo de control 20241108182913.0
007 - CAMPO FIJO DE DESCRIPCIÓN FÍSICA--INFORMACIÓN GENERAL
campo de control de longitud fija ta
008 - DATOS DE LONGITUD FIJA--INFORMACIÓN GENERAL
campo de control de longitud fija 220601s2009 mx bde frm 001 0 spa d
040 ## - FUENTE DE LA CATALOGACIÓN
Centro catalogador/agencia de origen mxchpua
Centro/agencia transcriptor CHAP
Normas de descripción rda
041 0# - CÓDIGO DE LENGUA
Código de lengua del texto/banda sonora o título independiente spa
Código de lengua del sumario o resumen eng
090 ## - LOCALMENTE ASIGNADO TIPO-LC NÚMERO DE CLASIFICACIÓN (OCLC); NÚMERO DE CLASIFICACIÓN LOCAL (RLIN)
Número de clasificación (OCLC) (R) ; Numero de clasificación, CALL (RLIN) (NR) Tesis
Número cutter local (OCLC) ; Número de libro/Signatura topográfica íntegra, CALL (RLIN) H472
año 2009
100 1# - ENTRADA PRINCIPAL--NOMBRE DE PERSONA
Nombre de persona Hernández Obregón, Susana Maribel
240 10 - TÍTULO UNIFORME
Título uniforme Feasibility study for the economic-technical installation for packing of a lemon persian (Citrus latifolia) in the municipality of Martinez de la Torre.
Lenguaje de la obra Español
245 10 - MENCIÓN DE TÍTULO
Título Estudio de factiblidad técnico-económico para la instalación de una empacadora de limón persa en el municipio de Martínez de la Torre, Veracruz /
Mención de responsabilidad, etc. Susana Maribel Hernández Obregón
264 ## - PRODUCCIÓN, PUBLICACIÓN, DISTRIBUCIÓN, FABRICACIÓN Y COPYRIGHT
Producción, publicación, distribución, fabricación y copyright Chapingo, México :
Nombre del de productor, editor, distribuidor, fabricante El autor,
Fecha de producción, publicación, distribución, fabricación o copyright 2009
300 ## - DESCRIPCIÓN FÍSICA
Extensión viii, 100 hojas :
Otras características físicas mapas, gráficas, diagramas, tablas, planos +
Material acompañante/anejo 1 CD-ROM
336 ## - TIPO DE CONTENIDO
Fuente rdacontent
Término de tipo de contenido texto
Código de tipo de contenido txt
337 ## - TIPO DE MEDIO
Fuente rdamedia
Nombre/término del tipo de medio no mediado
Código del tipo de medio n
338 ## - TIPO DE SOPORTE
Fuente rdacarrier
Nombre/término del tipo de soporte volumen
Código del tipo de soporte nc
500 ## - NOTA GENERAL
Nota general El CD contiene reporte
502 ## - NOTA DE TESIS
Nota de tesis Formulación Evaluación de Proyectos
Tipo de título (Ingeniero Agroindustrial) --
Nombre de la institución que otorga el título UACh. Departamento de Ingeniería Agroindustrial,
Año de obtención del título 2009
504 ## - NOTA DE BIBLIOGRAFÍA, ETC.
Nota de bibliografía, etc. Bibliografía: hojas 83-85
505 0# - NOTA DE CONTENIDO CON FORMATO
Nota de contenido con formato 1 plano --<br/>1. Planta arquitectónica y planta alta oficinas (Esc. 1:100)
520 3# - SUMARIO, ETC.
Sumario, etc. El presente trabajo se integró con un conjunto de antecedentes técnicos y económicos, para determinar la factibilidad, rentabilidad y nivel de riesgo sobre el establecimiento de una empacadora de limón persa (Citrus latifolia tanaka) en el municipio de Martínez de la Torre Ver. Que es un municipio con una alta producción de este cítrico; el estudio nos permite concluir que existe factibilidad técnica y económica para el establecimiento de una empacadora.<br/>La inversión total necesaria para este proyecto es de $6.49 millones de pesos. Los indicadores financieros obtenidos fueron una TIR=191%, VAN: $1.5 millones de pesos. Además se hicieron análisis de sensibilidad que demuestra que el proyecto resulta poco susceptible al aumento de insumos y a la baja de precios de venta, por lo cual se puede dictaminar que el proyecto es técnica y económicamente viable. --<br/>
520 3# - SUMARIO, ETC.
Sumario, etc. This work is integrated with a set of technical and economic background, to determine the feasibility, profitability and risk level on the establishment of a packing Persian lemon (Citrus latifolia) in the town of Martinez de la Torre is a View municipality with a high production of citrus, the study allows us to conclude that<br/>there is technical and economic feasibility for the establishment of a packing<br/>The total investment required for this project is $ 6.49 million pesos The financial indicators were obtained an TIR = 1.91%, VAN: $ 1.5 million pesos. It also did sensitivity analysis demonstrates that the project is not very susceptible to higher inputs and lower selling prices, so you can determine that the project is technically and economically feasible.
650 13 - PUNTO DE ACCESO ADICIONAL DE MATERIA--TÉRMINO DE MATERIA
Término de materia o nombre geográfico como elemento de entrada Limones
Subdivisión general Envasado
Fuente del encabezamiento o término atg
650 13 - PUNTO DE ACCESO ADICIONAL DE MATERIA--TÉRMINO DE MATERIA
Término de materia o nombre geográfico como elemento de entrada Iniciativa empresarial
Subdivisión geográfica México
-- Veracruz
Fuente del encabezamiento o término atg
650 13 - PUNTO DE ACCESO ADICIONAL DE MATERIA--TÉRMINO DE MATERIA
Término de materia o nombre geográfico como elemento de entrada Lemons
Subdivisión general Packaging
Fuente del encabezamiento o término atg
650 13 - PUNTO DE ACCESO ADICIONAL DE MATERIA--TÉRMINO DE MATERIA
Término de materia o nombre geográfico como elemento de entrada Entrepreneurship
Subdivisión geográfica Mexico
-- Veracruz
Fuente del encabezamiento o término atg
700 1# - PUNTO DE ACCESO ADICIONAL--NOMBRE DE PERSONA
Nombre de persona Ponce Hernández, Pedro
Término indicativo de función/relación director
700 1# - PUNTO DE ACCESO ADICIONAL--NOMBRE DE PERSONA
Nombre de persona Covarrubias Gutiérrez, Ignacio
Término indicativo de función/relación asesor
700 1# - PUNTO DE ACCESO ADICIONAL--NOMBRE DE PERSONA
Nombre de persona García Chávez, Luis Ramiro
Término indicativo de función/relación asesor
856 41 - LOCALIZACIÓN Y ACCESO ELECTRÓNICOS
Identificador Uniforme del Recurso <a href="http://10.13.5.2/tesis/108660.pdf">http://10.13.5.2/tesis/108660.pdf</a>
Texto de enlace DESCARGAR PDF
901 ## - ELEMENTOS DE DATOS A LOCAL LDA (RLIN)
a TESIS H472 2009
942 ## - ELEMENTOS DE PUNTO DE ACCESO ADICIONAL (KOHA)
Tipo de ítem Koha TESIS
Fuente del sistema de clasificación o colocación Clasificación Universidad Autónoma Chapingo
902 ## - ELEMENTOS DE DATOS B LOCAL, LDB (RLIN)
a M
905 ## - ELEMENTOS DE DATOS E LOCAL, LDE (RLIN)
a 5232272009 mx enl 8223123322spa16
Holdings
Estado de retiro Estado de pérdida Fuente del sistema de clasificación o colocación Estado dañado Restricciones de uso No para préstamo Código de colección Localización permanente Ubicación/localización actual Fecha de adquisición Fuente de adquisición Total de préstamos Signatura topográfica completa Código de barras Fecha visto por última vez Número de copia Precio válido a partir de Tipo de ítem Koha Fecha del último préstamo Ubicación en estantería
    Clasificación Universidad Autónoma de Chapingo   Préstamo interno   Tesis Ingenieria Agroindustrial Ingenieria Agroindustrial 01/06/2022 El autor   Tesis H472 2009 1101009737 01/06/2022 Ej. 3 01/06/2022 CD    
    Clasificación Universidad Autónoma de Chapingo   Préstamo interno   Tesis Ingenieria Agroindustrial Ingenieria Agroindustrial 01/06/2022 El autor   Tesis H472 2009 1101009735 02/02/2026 Ej. 1 01/06/2022 Tesis    
    Clasificación Universidad Autónoma de Chapingo   Préstamo 5 días   Tesis Ingenieria Agroindustrial Ingenieria Agroindustrial 01/06/2022 El autor 1 Tesis H472 2009 1101009736 02/02/2026 Ej. 2 01/06/2022 Tesis 22/11/2024  
    Clasificación Universidad Autónoma de Chapingo       Tesis digitales de Licenciatura Ingenieria Agroindustrial Ingenieria Agroindustrial 08/11/2024 El autor     1201009735 08/11/2024   08/11/2024 Tesis digital   En línea